00314nam a2200121Ia 4500008004100000040001600041041001200057082001600069100002100085245004200106260003300148300001100181230917s9999||||xx |||||||||||||| ||und|| e60983aMAIN aEnglish a823.7 D555P aDickens, Charles 0aPersonal history of David Copperfield aEnglandbPenguin Booksc1972 a956 p.